| 000 | 09628 a2200733 4500 | ||
|---|---|---|---|
| 005 | 20090317101540.0 | ||
| 008 | 090317t xxu||||| |||| 00| 0 eng d | ||
| 010 | _aB-277726-768 | ||
| 020 | _c299.00 | ||
| 035 | _aB-277726-768 | ||
| 037 | _bAsian Books | ||
| 040 |
_aDPL _bEnglish |
||
| 082 | _a332.6 | ||
| 100 | _aKotak & CNBC-TV18 | ||
| 245 |
_aEverything you wanted to know about investing:the encyclopedia of investment and wealth creating intelligence/ _cby Kotak & CNBC-TV18 |
||
| 260 |
_aNew Delhi _bNetwork18 Publications _c2007 |
||
| 270 |
_a507, Prabhat Kiran, 17, Rajendra Place, _bNew Delhi _e110 008 |
||
| 300 |
_avii,137p. : _c23cm (Hb) |
||
| 942 |
_adpl _cEN _2ddc _h332.6 _mKOT |
||
| 999 |
_c25295 _d25295 |
||